Responses for show #6814 - Thursday, April 10, 2014

Sandie Baker game 2.

Contestants

Jessica Guard, an entertainment litigation attorney from New York, New York

Bruce Leaman, a justice of the peace from Thunder Bay, Ontario, Canada

Sandie Baker, a translation coordinator from Eastpointe, Michigan (whose 1-day cash winnings total $22,400)

Jeopardy! Round responses

PENNY FOR YOUR THOUGHTS
TV ADJECTIVES
SPOT THE MATH TERM
AN ECO-CATEGORY
THE 5 FAMILIES
"D.C." POWER
    $200 26
whistle

Sandie
    $200 1
Good

Bruce
    $200 8
median

Jessica
    $200 21
wind

Jessica
    $200 6
the Tudors

Jessica
    $200 13
(Bruce: What is a cow?)

dairy cow

BruceJessica
    $400 27
shuffleboard

Jessica
    $400 2
Sunny

Jessica
    $400 9
permutation

Bruce
    $400 22
compost

Bruce
    $400 7
the Kennedys

Triple Stumper
    $400 14
dark chocolate

Jessica
    $600 28
(Alex: [*] is right, yes. Wonderful plants--they'll grow anywhere, even on concrete.)

mint

Bruce
    $600 3
Live

Jessica
    $600 18
differential

Jessica
    $600 23
(Alex: And that would be the [*], and they are so beautiful at this time of the year.)

California poppies

Triple Stumper
    $600 10
Condé Nast

Jessica
    $600 15
dumb cluck

Bruce
    $800 29
a penny-farthing

Bruce
    $800 4
Walking

Sandie
    $800 19
reciprocal

Jessica
    $800 24
Epsom salt

Sandie
    $800 11
the Hapsburgs

Sandie
    $800 16
da capo

Bruce
    $1000 30
(Bruce: What is a three-penny black?)
...
(Alex: You were on
the right track, Bruce, but it's not a three-penny--it's just a [*]. [*].)

Penny Black

Bruce
Triple Stumper
    $1000 5
Diff'rent

Sandie
    $1000 20
asymptote

Jessica
    $1000 25
LEDs (light emitting diodes)

Triple Stumper
    $1,000 12
(Sandie: What is... uh, Gandhi?)
...
(Sandie: I had a 50-50 shot.)
(Alex: Yeah, I guess you did.)

Nehru

Sandie
    $1000 17
dress circle

Sandie

Scores at the first commercial break (after clue 15):

Sandie Bruce Jessica
$1,600 $1,000 $2,600

Scores at the end of the Jeopardy! Round:

Sandie Bruce Jessica
$3,600 $2,600 $5,600

Double Jeopardy! Round responses

SUPREME COURT JUSTICES
IN THE DICTIONARY
INTERNATIONAL AUTHORS
CAR"EER" OPPORTUNITIES
CENTRAL AMERICA
ROCK & ROLE
    $400 22
Kagan

Jessica
    $400 1
rumble

Sandie
    $400 6
(James) Joyce

Sandie
    $400 16
musketeer

Sandie
    $400 21
(Bruce: What is Dole?)

Chiquita

BruceJessica
    $400 11
Keith Richards

Sandie
    $800 23
(John) Marshall

Jessica
    $800 2
rustler

Sandie
    $800 7
The Prophet

Bruce
    $800 17
a mountaineer

Jessica
    $800 25
(Alex: Silent on a peak in Darien. [*] is the country.)

Panama

Triple Stumper
    $800 12
Lenny Kravitz

Sandie
    $1200 24
(Felix) Frankfurter

Bruce
    $1200 3
bells

Sandie
    $1200 8
Jules Verne

Bruce
    $1200 18
engineer

Sandie
    $1200 26
Guatemala

Triple Stumper
    $1200 13
Prince

Sandie
    $100 29
Whizzer White

Bruce
    $1600 4
batten

Sandie
    $1600 9
(Eugène) Ionesco

Bruce
    $1600 19
an overseer

Jessica
    $1600 27
Lake Nicaragua

Triple Stumper
    $1600 14
David Bowie

Jessica
    $2000 30
Louis Brandeis

Triple Stumper
    $2000 5
[Applause for Sandie's run of the category]

demographic

Sandie
    $3,000 10
(Bruce: Who is Chambers?)
...
(Alex: No. Who is [*]? [*], played by Emma Thompson in that popular film this year.)

P.L. Travers

Bruce
    $2000 20
a charioteer

Bruce
    $2000 28
Belmopan

Triple Stumper
    $2000 15
Tina Turner

Bruce

Scores at the end of the Double Jeopardy! Round:

Sandie Bruce Jessica
$14,000 $8,100 $11,200

[wagering suggestions for these scores]

Final Jeopardy! Round responses

FOREIGN LEADERS
(Alex: World leader who was very much in the news just a few months ago, unfortunately.)
...
(Alex: [To Sandie] And I can read the first line. And it looks like you were trying to clean up your writing by writing it a second time. You didn't need to do that.)
(Sandie: Oh, okay.)
BruceWho was Nelson Mandela?
$8,000
JessicaWho is Nelson Mandela?
$5,001
SandieWho is Mandela? Mandel
$8,500
Nelson Mandela

Final scores:

Sandie Bruce Jessica
$22,500 $16,100 $16,201
2-day champion: $44,900 3rd place: $1,000 2nd place: $2,000

Game dynamics:

Coryat scores:

Sandie Bruce Jessica
$15,000 $12,600 $11,200
17 R,
1 W
(including 1 DD)
14 R
(including 1 DD),
4 W
(including 1 DD)
18 R,
0 W

Combined Coryat: $38,800

The J! Archive is created by fans, for fans. The Jeopardy! game show and all elements thereof, including but not limited to copyright and trademark thereto, are the property of Jeopardy Productions, Inc. and are protected under law. This website is not affiliated with, sponsored by, or operated by Jeopardy Productions, Inc. Join the discussion at JBoard.tv.